• 首页
  • 本馆介绍
  • 公告通知
  • 最新文献
  • 馆藏检索
  • 电子资源
  • 读者导购
  • 参考咨询
  • 我的图书馆
  • 登录
  • 详细信息显示
  • 放入我的书架
  • 预约/预借图书
  • 作者相关作品
  • 分类相关作品
  • 丛书相关作品
  • 出版社相关作品

书目信息

  • 表格格式
  • 工作单格式
  • 卡片格式
题名:
数学解析习题汇编
    
 
作者: г·н·别尔曼 著 ;景毅 译
分册: 下册  
出版信息: 上海   商务印书馆  1957.06
页数: 299-479页
开本: 20cm
丛书名:
单 册:
中图分类: O17-44
科图分类:
主题词: 数学分析
电子资源:
ISBN:
000 00670nam0 2200217 450
001 0654535453
005 20060925111213.14
010    @dCNY0.77
100    @a20060722d1957 km y0chiy0120 ea
101 0  @achi@crus
102    @aCN@b310000
200 1  @a数学解析习题汇编@h下册@Ashu xue jie xi xi ti hui bian@fг·н·别尔曼著@Fг·н·bie er man zhu@g景毅等译@Gjing yi deng yi
210    @a上海@c商务印书馆@d1957.06
215    @a299-479页@d20cm
300    @a高等学校教学用书
606 0  @a数学分析
690    @aO17-44@v3
701  0 @aг·н·别尔曼@Aг·н·bie er man@4著
702  0 @a景毅@Ajing yi@4译
801  0 @aCN@bPFT@c20060925
905    @a10447@dO17-44@e100:1=2≈2
    
    数学解析习题汇编.下册/г·н·别尔曼著/景毅等译.-上海:商务印书馆,1957.06
    299-479页;20cm
    高等学校教学用书
    
    ISBN :CNY0.77
    
●
相关链接 在E读中查询图书 在五车中查询图书 在当当中查询图书 在豆瓣中查询图书


正题名:数学解析习题汇编     索取号:O17-44/100:1=2≈2         预约/预借

序号 登录号 条形码 馆藏地/架位号 状态 备注
1 0422582   204225828   密集书库/ [索取号:O17-44/100:1=2≈2] 在馆    
2 0442381   204423819   密集书库/ [索取号:O17-44/100:1=2≈2] 在馆    
唐山师范学院图书馆 欢迎您!
大连网信软件有限公司© 版权所有